Tuyển tác phẩm văn học 11 T.1

Bewaard in:
Bibliografische gegevens
Hoofdauteur: Trần, Hữu Tá
Andere auteurs: Hoàng, Như Mai
Formaat: Boek
Taal:Undetermined
Gepubliceerd in: H. Giáo dục 1991
Onderwerpen:
Online toegang:http://lrc.tdmu.edu.vn/opac/search/detail.asp?aID=2&ID=5368
Tags: Voeg label toe
Geen labels, Wees de eerste die dit record labelt!
Thư viện lưu trữ: Trung tâm Học liệu Trường Đại học Thủ Dầu Một
LEADER 00687nam a2200217Ia 4500
001 TDMU_5368
008 210410s9999 xx 000 0 und d
082 |a 807.071 
090 |b TR121 
100 |a Trần, Hữu Tá 
245 0 |a Tuyển tác phẩm văn học 11 
245 0 |c Trần Hữu Tá 
245 0 |n T.1 
260 |a H. 
260 |b Giáo dục 
260 |c 1991 
300 |a 225tr 
650 |a Sách lớp 11  |v Giáo khoa; Văn học  |x Tác phẩm  |x Dạy và học 
700 |a Hoàng, Như Mai 
856 |u http://lrc.tdmu.edu.vn/opac/search/detail.asp?aID=2&ID=5368 
980 |a Trung tâm Học liệu Trường Đại học Thủ Dầu Một